000 00555 a2200181 4500
999 _c26606
_d26606
008 230621b ||||| |||| 00| 0 eng d
020 _a9789386649225
_cRs399.00
041 0 _aeng
082 0 0 _a001.42
_bK872
100 _aKothari, C. R.
245 _aResearch Methodology : Methods and Techniques /
_cC.R. Kothari, and Gaurav Garg
250 _a4th ed.
260 _aNew Delhi:
_bNew Age International (p) ltd.,
_c2022.
300 _axxi, 458 p. :
_bill. ;
_c24 cm
650 0 _aResearch Methodology
700 _95313
_aGarg, Gaurav
942 _2ddc
_cBK